000 00266pam a2200121 a 4500
020 _c
041 _aeng
100 _aChaudahri.N.C.
245 _aA Passage To England
_hTextual Documents
260 _a[s.l]:
_bOrient Paper Books
300 _a237p.
930 _a15552
999 _c92452
_d92452